| Tag |
First Indicator |
Second Indicator |
Subfields |
| LEADER |
00000cam a2200000Ia 4500 |
| 001 |
in00002730921 |
| 005 |
20151202144951.0 |
| 008 |
850607s190u ilu 000 1 eng d |
| 035 |
|
|
|a (OCoLC)ocm12127118
|
| 035 |
|
|
|a (OCoLC)12127118
|
| 040 |
|
|
|a CLO
|b eng
|c CLO
|d GDC
|d OCLCQ
|d OCLCG
|d OCLCQ
|d TXA
|d UtOrBLW
|
| 049 |
|
|
|a TXAM
|
| 090 |
|
|
|a PR4731
|b .J47 1900z
|
| 100 |
1 |
|
|a Haggard, H. Rider
|q (Henry Rider),
|d 1856-1925.
|
| 245 |
1 |
0 |
|a Jess /
|c by H. Rider Haggard.
|
| 264 |
|
1 |
|a Chicago :
|b W.B. Conkey Co.,
|c [between 1900 and 1909]
|
| 300 |
|
|
|a 242 pages ;
|c 20 cm.
|
| 336 |
|
|
|a text
|b txt
|2 rdacontent
|
| 337 |
|
|
|a unmediated
|b n
|2 rdamedia
|
| 338 |
|
|
|a volume
|b nc
|2 rdacarrier
|
| 948 |
|
|
|a cataloged
|b h
|c 2012/1/2
|d c
|e hgolay
|f 5:50:20 pm
|
| 994 |
|
|
|a C0
|b TXA
|
| 999 |
|
|
|a MARS
|
| 999 |
f |
f |
|s 54754876-f60c-3136-bc61-e51aa999e07c
|i 31778148-258f-3bea-9f8e-33832daa7d68
|t 0
|
| 952 |
f |
f |
|p noncirc
|a Texas A&M University
|b College Station
|c Cushing Memorial Library & Archives
|d Cushing: Literature/Haggard (Does not check out)
|t 0
|e PR4731 .J47 1900z
|h Library of Congress classification
|i unmediated -- volume
|
| 952 |
f |
f |
|p noncirc
|a Texas A&M University
|b College Station
|c Cushing Memorial Library & Archives
|d Cushing: Literature/Haggard (Does not check out)
|t 0
|e PR4731 .J47 1900z
|h Library of Congress classification
|i unmediated -- volume
|
| 998 |
f |
f |
|a PR4731 .J47 1900z
|t 0
|l Cushing: Literature/Haggard (Does not check out)
|
| 998 |
f |
f |
|a PR4731 .J47 1900z
|t 0
|l Cushing: Literature/Haggard (Does not check out)
|